00677 2200205 4500001002100000005001700021008004100038035002500079040001200104082001000116084001600126100006000142245010100202250001000303260006500313300002500378500002600403650003000429850001200459INLIS00000000000790320150709133038.0  a0010-071500000000586 aYOPDYOG a305.4 a305.4 Pro P aProyek Inventarisasi dan Pembinaan Nilai - nilai Budaya aPeranan wanita dalam pembinaan budayac/ Proyek Inventarisasi dan Pembinaan Nilai - nilai Budaya aCet.1 aJakartabDepdikbud Ditjen Kebud Direktorat Sejarah ...c1991 aiii, 56 hlm.c23 cm. aBibliografi : hlm. 54 aWanita -- Pembinan Budaya aYOPDYOG